000 00556nam a2200193 4500
003 OSt
005 20260530115304.0
008 260508b1981 |||a|||| |||| 00| 0 spa d
040 _aICI
_bspa
_cICI
050 _aTS183
_bC37 1986
100 1 _aCaridad Obregón, Francisco Antonio
_931730
245 1 0 _aManual de sistemas de unión y ensamble de materiales
264 1 _bUniversidad Iberoamericana
_c1981
300 _a236 páginas
336 _atexto
_2rdacontent
337 _asin medio
_2rdamedia
338 _avolumen
_2rdacarrier
942 _2lcc
_cBK
_n1
999 _c13018
_d13018